A Pathway to Success (Record no. 177951)

MARC details
000 -LEADER
fixed length control field 00681nam a22002057a 4500
005 - DATE AND TIME OF LATEST TRANSACTION
control field 20210310174410.0
010 ## - LCCN (DPL NO)
LC control number ENG-129208
020 ## - INTERNATIONAL STANDARD BOOK NUMBER
International Standard Book Number 978-81-250-5206-7
Terms of availability 85.00
035 ## - SYSTEM CONTROL NUMBER
System control number EN-112740
037 ## - SOURCE OF ACQUISITION
Source of stock number/acquisition DBAD/PUB
082 ## - DEWEY DECIMAL CLASSIFICATION NUMBER
Classification number 371.1
245 ## - TITLE STATEMENT
Title A Pathway to Success
Statement of responsibility, etc edited by Ashok Chaskar, Anand Kulkarni and Vijay Madge
260 ## - PUBLICATION, DISTRIBUTION, ETC. (IMPRINT)
Place of publication, distribution, etc Telangana
Name of publisher, distributor, etc Orient Blackswan Private Limited
Date of publication, distribution, etc 2013
270 ## - ADDRESS
City Telangana
Postal code 500029
Address 3-6-752, Himayatnagar, Hyderabad
Electronic mail address info@orientblackswan.com
300 ## - PHYSICAL DESCRIPTION
Extent vi+157p.
Dimensions 21cm(pbk)
700 ## - ADDED ENTRY--PERSONAL NAME
Personal name Chaskar, Ashok, Ed.
700 ## - ADDED ENTRY--PERSONAL NAME
Personal name Kulkarni, Anand, Ed.
700 ## - ADDED ENTRY--PERSONAL NAME
Personal name Madge, Vijay, Ed.
942 ## - ADDED ENTRY ELEMENTS (KOHA)
Source of classification or shelving scheme Dewey Decimal Classification
Item type English Books
Classification part 371.1
Call number suffix PAT
Holdings
Withdrawn status Lost status Not for loan Collection code Home library Current library Date acquired Source of acquisition Cost, normal purchase price Full call number Barcode Copy number Cost, replacement price Koha item type
      Non-fiction Ashok Vihar Ashok Vihar 10/03/2021 DBAD/PUB 85.00 371.1 PAT EN-112740 1 85.00 English Books

© Delhi Public Library
Hit Counter
free hit counter